| 000 | 00743nam a2200217 a 4500 | ||
|---|---|---|---|
| 003 | 0 | ||
| 005 | 20250305112439.0 | ||
| 008 | 090707s19uu xx 00 eng d | ||
| 050 |
_aPGS LB 1027.5 _b.So698 2009 |
||
| 100 | _aSon, Ye Chan. | ||
| 245 |
_aLevel of satisfaction of SISC students with SISC tutors / _cYe Chan Son. |
||
| 260 |
_aLas PiƱas City, Philippines : _bSouthville International School and Colleges, _c2009. |
||
| 300 |
_a20 pages : _billustrations ; _c28 cm. |
||
| 504 | _aIncludes bibliographical references. | ||
| 650 | _aStudent satisfaction. | ||
| 650 | _aTutoring. | ||
| 650 | _aTutors and tutoring. | ||
| 650 |
_aEducation _vEvaluation. |
||
| 650 | _aTeacher-student relationships. | ||
| 942 |
_2lcc _cPASS |
||
| 999 |
_c98209 _d98209 |
||